Worst Hurricanes By State - Statistics

General Stats
  • This quiz has been taken 37 times
    18 since last reset
  • The average score is 9 of 49
Answer Stats
Hint Answer % Correct
New Jersey Sandy
71%
New York Sandy
71%
Delaware Irene
57%
Vermont Irene
57%
Louisiana Katrina
57%
Mississippi Katrina
57%
Florida Andrew
43%
South Carolina Hugo
43%
Illinois Ike
43%
Indiana Ike
43%
Kentucky Ike
43%
Michigan Ike
43%
Ohio Ike
43%
North Carolina Hazel
29%
Hawaii Iniki
29%
Virginia Isabel
29%
Alabama Ivan
29%
Pennsylvania Agnes
14%
West Virginia Agnes
14%
Maine Bob
14%
Oregon Columbus Day Storm
14%
Washington Columbus Day Storm
14%
Utah Linda
14%
Connecticut Long Island Express
14%
Massachusetts Long-Island Express
14%
New Hampshire Long Island Express
14%
Rhode Island Long Island Express
14%
Georgia Alberto
0%
Iowa Carla
0%
Wisconsin Carla
0%
Maryland Chesapeake-Potomac
0%
New Mexico Dolly
0%
Missouri Erin
0%
Oklahoma Erin
0%
Texas Gavelston
0%
North Dakota Javier
0%
Idaho Kathleen
0%
Montana Kathleen
0%
Wyoming Kathleen
0%
Colorado Lester
0%
Minnesota Lester
0%
Nebraska Lester
0%
South Dakota Lester
0%
Alaska Loke
0%
Arizona Nobert
0%
Nevada Norbert
0%
Tennessee Opal
0%
Kansas Paine
0%
Arkansas Rita
0%
No matching quizzes found
Score Distribution
Percent of People with Each Score
Percentile by Number Answered
Your Score History
You have not taken this quiz since the last reset